[Event "Østlandsserien 2005/2006, 4. div. B"]
[Site "Nord-Odal, Hedmark NOR"]
[Date "2006.01.15"]
[Round "3"]
[White "Lange, Holger"]
[Black "Ytteborg, Jan Henrik"]
[Result "1-0"]
[WhiteElo "1696"]
[BlackElo "1633"]
[PlyCount "67"]
[EventDate "2005.11.06"]
[WhiteTeam "Follo 2"]
[BlackTeam "Nord-Odal 1"]

1. e4 c5 2. Nf3 Nc6 3. d4 cxd4 4. Nxd4 e5 5. Nb5 d6 6. N1c3 a6 7. Na3 b5 8. Nd5
Be7 9. Be3 Nf6 10. Bb6 Qd7 11. Nc7+ Kf8 12. Nxa8 Qb7 13. Bd3 Qxa8 14. c3 Qb7
15. Be3 Ng4 16. Nc2 h5 17. Qe2 Be6 18. h3 Nf6 19. Bg5 Na5 20. Bxf6 Bxf6 21. Ne3
Ke7 22. b4 Qc6 23. O-O Nb7 24. Rac1 Bg5 25. Rc2 Bf4 26. Nd5+ Bxd5 27. exd5 Qb6
28. c4 Rc8 29. cxb5 Rxc2 30. Qxc2 axb5 31. Qc6 Qa7 32. Bxb5 Qb8 33. Qb6 Qc8 34.
Ba6 1-0

[Event "Østlandsserien 2005/2006, 4. div. B"]
[Site "Nord-Odal, Hedmark NOR"]
[Date "2006.01.15"]
[Round "3"]
[White "Lensebakken, Stian"]
[Black "Lea, Per"]
[Result "1/2-1/2"]
[WhiteElo "1443"]
[BlackElo "1645"]
[PlyCount "102"]
[EventDate "2005.11.06"]
[WhiteTeam "Nord-Odal"]
[BlackTeam "Follo 2"]

1. e4 e5 2. Nf3 Nc6 3. d4 exd4 4. Nxd4 Bc5 5. Be3 Qf6 6. c3 Nge7 7. Bb5 a6 8.
Ba4 b5 9. Bc2 b4 10. O-O bxc3 11. bxc3 Nxd4 12. cxd4 Bb7 13. e5 Qc6 14. f3 Ba7
15. Be4 Qb6 16. Nc3 Bxe4 17. fxe4 O-O 18. Qg4 Qe6 19. Qe2 c5 20. d5 Qxe5 21.
Qc4 Bb8 22. g3 d6 23. Rab1 f5 24. Bf4 Qd4+ 25. Qxd4 cxd4 26. Ne2 fxe4 27. Nxd4
Nxd5 28. Ne6 Rf6 29. Ng5 Nxf4 30. Rxf4 Rxf4 31. gxf4 d5 32. Rd1 Bxf4 33. Rxd5
Bxg5 34. Rxg5 Re8 35. Kf2 Re6 36. Ke3 h6 37. Rg4 Kf7 38. Rxe4 Rxe4+ 39. Kxe4
Ke6 40. h3 g5 41. a3 h5 42. a4 Kd6 43. Kf5 g4 44. hxg4 hxg4 45. Kxg4 Kc5 46.
Kf3 Kb4 47. a5 Kxa5 48. Ke3 Kb4 49. Kd2 Kb3 50. Kc1 Ka2 51. Kc2 a5 1/2-1/2

[Event "Østlandsserien 2005/2006, 4. div. B"]
[Site "Nord-Odal, Hedmark NOR"]
[Date "2006.01.15"]
[Round "3"]
[White "Høva, Frode"]
[Black "Stanghelle, Anders"]
[Result "0-1"]
[WhiteElo "1632"]
[BlackElo "942"]
[PlyCount "68"]
[EventDate "2005.11.06"]
[WhiteTeam "Follo 2"]
[BlackTeam "Nord-Odal"]

1. d4 f5 2. c4 Nf6 3. g3 e6 4. Bg2 Be7 5. Nf3 O-O 6. O-O a5 7. Nc3 d6 8. Re1
Qe8 9. e4 fxe4 10. Nxe4 Nxe4 11. Rxe4 Qg6 12. Qe1 b6 13. Bd2 Na6 14. Bc3 Nb4
15. Bxb4 axb4 16. Nh4 Qe8 17. Bh3 Rf6 18. Ng2 Bf8 19. Nf4 e5 20. Bxc8 Qxc8 21.
dxe5 dxe5 22. Nd5 Rh6 23. f3 Qh3 24. Qe2 Bc5+ 25. Kh1 Qxg3 26. Rg4 Qf2 27. Qxf2
Bxf2 28. Nxb4 Rd8 29. Nd5 Rd7 30. a3 c6 31. Nb4 Rd2 32. Nxc6 Bd4 33. Rg2 Rxg2
34. Kxg2 Rxc6 0-1

[Event "Østlandsserien 2005/2006, 4. div. B"]
[Site "Oslo NOR"]
[Date "2006.02.12"]
[Round "4"]
[White "Lea, Per"]
[Black "Hovden, Hans"]
[Result "1/2-1/2"]
[WhiteElo "1630"]
[BlackElo "1610"]
[PlyCount "104"]
[EventDate "2005.11.06"]

1. e4 e6 2. d4 d5 3. Nc3 Nf6 4. Bg5 Be7 5. e5 Ne4 6. Nxe4 Bxg5 7. Nxg5 Qxg5 8.
Nf3 Qe7 9. Qd2 c5 10. dxc5 Qxc5 11. Bd3 Nc6 12. c3 Bd7 13. O-O Rc8 14. Qe2 a6
15. Kh1 b5 16. Rac1 Qe7 17. a4 bxa4 18. Bxa6 Rb8 19. Nd4 O-O 20. f4 Rb6 21. Bd3
Rfb8 22. Nxc6 Bxc6 23. Rc2 Qb7 24. Rf2 Rb3 25. c4 dxc4 26. Bxc4 Rb4 27. h3 Bb5
28. Bxb5 Rxb5 29. Qc4 Rb4 30. Qc6 h6 31. Qc3 Rb3 32. Qd4 a3 33. bxa3 Rxh3+ 34.
Kg1 Rxa3 35. Rb2 Rb3 36. Ra2 Qb4 37. Rad2 Qxd4 38. Rxd4 Kh7 39. Kh2 Kg6 40. g4
Rb2 41. Kg3 Rxf2 42. Kxf2 Rb3 43. Rd7 f5 44. exf6 Kxf6 45. g5+ hxg5 46. fxg5+
Kxg5 47. Rxg7+ Kf4 48. Ra7 Rb2+ 49. Ke1 e5 50. Ra3 e4 51. Rh3 e3 52. Rh8 Kf3
1/2-1/2

[Event "Østlandsserien 2005/2006, 4. div. B"]
[Site "Oslo NOR"]
[Date "2006.02.12"]
[Round "4"]
[White "Wister, Tom R"]
[Black "Høva, Frode"]
[Result "0-1"]
[WhiteElo "1568"]
[BlackElo "1652"]
[PlyCount "90"]
[EventDate "2005.11.06"]

1. d4 Nf6 2. c4 g6 3. Nc3 d5 4. cxd5 Nxd5 5. e4 Nxc3 6. bxc3 Bg7 7. Bc4 O-O 8.
Ne2 c5 9. O-O Nc6 10. Be3 Na5 11. Bd3 Bg4 12. f3 cxd4 13. cxd4 Be6 14. Qa4 a6
15. Rac1 b5 16. Qc2 Bc4 17. Rfd1 Qd7 18. Qc3 Bxd3 19. Rxd3 Nc4 20. Bf2 Rac8 21.
Qb4 Rfd8 22. a4 Bh6 23. Rc2 Nb6 24. Rxc8 Rxc8 25. axb5 Rc4 26. Qb3 axb5 27. Rc3
Bd2 28. Rxc4 Nxc4 29. d5 Ne5 30. Bd4 Nc4 31. Nc3 Bxc3 32. Qxc3 Qb7 33. Bc5 Qa6
34. Qd4 Qa2 35. h3 Qe2 36. Kh2 Nd2 37. Qc3 h5 38. e5 h4 39. d6 Nf1+ 40. Kg1
exd6 41. exd6 Qd1 42. Kf2 Ng3 43. Qe5 Qf1+ 44. Ke3 Qe1+ 45. Kd4 Qd2# 0-1

[Event "Østlandsserien 2005/2006, 4. div. B"]
[Site "Oslo NOR"]
[Date "2006.02.12"]
[Round "4"]
[White "Gruben, Tronn"]
[Black "Hovland, Arne"]
[Result "1/2-1/2"]
[WhiteElo "1424"]
[BlackElo "1590"]
[PlyCount "138"]
[EventDate "2005.11.06"]

1. Nf3 d5 2. c4 e6 3. g3 Nf6 4. Bg2 c5 5. cxd5 exd5 6. d4 Nc6 7. O-O Be7 8. Nc3
O-O 9. dxc5 Bxc5 10. Bg5 Be7 11. Rc1 Bg4 12. Bxf6 Bxf6 13. Qa4 Be6 14. Rfd1 Qb6
15. b3 Rfd8 16. Ne1 Ne7 17. Nd3 Rac8 18. Nb1 Rxc1 19. Rxc1 Nf5 20. Kf1 Bd4 21.
Nc3 g5 22. Qb4 a6 23. Qxb6 Bxb6 24. Na4 Ba7 25. Rc7 Nd6 26. Ndc5 Bb8 27. Nxe6
fxe6 28. Re7 Rc8 29. Bh3 Rc1+ 30. Kg2 Ba7 31. Bxe6+ Kf8 32. Rxh7 Rc2 33. Rd7
Rxe2 34. Rxd6 Rxf2+ 35. Kh3 Ke7 36. Rxd5 Kxe6 37. Rxg5 Kf6 38. Rd5 Ke6 39. Rd3
Rxa2 40. Rd1 Rc2 41. Rb1 Bd4 42. b4 b6 43. Rd1 Ke5 44. g4 Ra2 45. Rxd4 Kxd4 46.
Nxb6 Ke4 47. Kg3 Ra3+ 48. Kh4 Rb3 49. Na4 Rxb4 50. Nc5+ Kf3 51. Nxa6 Rxg4+ 52.
Kh5 Kf4 53. Nc7 Rg5+ 54. Kh6 Kf5 55. Ne8 Rg6+ 56. Kh7 Ra6 57. h4 Kg4 58. h5
Kxh5 59. Kg7 Kg5 60. Kf7 Rh6 61. Kg7 Re6 62. Kf7 Re1 63. Nd6 Re2 64. Ne8 Kf5
65. Nd6+ Ke5 66. Ke7 Kd5+ 67. Kd7 Kc5 68. Nb7+ Kb6 69. Nd6 Rd2 1/2-1/2

[Event "Østlandsserien 2005/2006, 4. div. B"]
[Site "Oslo NOR"]
[Date "2006.02.12"]
[Round "4"]
[White "Moberg, Jan Rune"]
[Black "Steinkellner, Rudolf"]
[Result "1/2-1/2"]
[WhiteElo "1587"]
[BlackElo "1449"]
[PlyCount "139"]
[EventDate "2005.11.06"]

1. d4 d5 2. c4 e6 3. Nf3 Nf6 4. g3 c5 5. dxc5 Bxc5 6. Bg2 O-O 7. O-O dxc4 8.
Qc2 Qb6 9. Ne5 Nc6 10. Nxc6 bxc6 11. Nc3 Be7 12. Na4 Qb5 13. b3 cxb3 14. axb3
Rb8 15. Rb1 Ba6 16. Nc3 Qc5 17. Be3 Qh5 18. Ra1 Ng4 19. h3 Nxe3 20. fxe3 Bb5
21. Rxa7 Bc5 22. Ra2 Bxe3+ 23. Kh2 Rfd8 24. Qe4 Bd4 25. Nxb5 cxb5 26. e3 Bf6
27. Qc6 Qe5 28. Rf3 Qc3 29. Rc2 Qxc6 30. Rxc6 Rd2 31. h4 b4 32. Kh3 Rd3 33. e4
Rc3 34. Ra6 Kf8 35. Ra5 Rxf3 36. Bxf3 Bc3 37. Be2 Rb7 38. h5 Ke7 39. Bc4 Kf6
40. g4 h6 41. Kg3 Rd7 42. Kf4 Bd2+ 43. Kf3 Bc3 44. Kf4 e5+ 45. Kf3 Kg5 46. Kg3
g6 47. hxg6 fxg6 48. Bd5 Rd6 49. Ra8 Rf6 50. Rg8 Rf4 51. Rg7 Rxg4+ 52. Kh3 Rf4
53. Kg3 h5 54. Bf7 Kf6 55. Rh7 Rxe4 56. Bd5 Rf4 57. Bc6 Kg5 58. Rg7 Rf6 59. Be4
h4+ 60. Kh3 Kh6 61. Rg8 Be1 62. Re8 Bc3 63. Rh8+ Kg5 64. Rxh4 Rf4 65. Rxf4 exf4
66. Kg2 Kh5 67. Bd5 g5 68. Kf3 Kg6 69. Kg4 Kf6 70. Bg8 1/2-1/2

[Event "Østlandsserien 2005/2006, 4. div. B"]
[Site "Ås, Akershus NOR"]
[Date "2006.03.12"]
[Round "5"]
[White "Sørli, Arne"]
[Black "Larsen, Joakim"]
[Result "0-1"]
[WhiteElo "1385"]
[BlackElo "1739"]
[PlyCount "114"]
[EventDate "2005.11.06"]
[WhiteTeam "Kirkegata 2"]
[BlackTeam "Follo 2"]

1. e4 c5 2. Nf3 d6 3. h3 Nf6 4. Nc3 Nc6 5. Bb5 Bd7 6. d3 a6 7. Bxc6 Bxc6 8. O-O
g6 9. e5 Nd7 10. e6 fxe6 11. Ng5 e5 12. Qg4 Nf6 13. Qe6 Qc8 14. Qf7+ Kd7 15.
Nce4 Nxe4 16. dxe4 h6 17. Nf3 Bxe4 18. Be3 Kc7 19. c3 Qf5 20. Qxf5 gxf5 21. Nh2
e6 22. f3 Bc6 23. b3 d5 24. Rac1 Rd8 25. Kh1 d4 26. cxd4 exd4 27. Bf4+ Bd6 28.
Bd2 e5 29. Be1 Rhg8 30. Bh4 Rd7 31. Rcd1 b5 32. Rf2 Be7 33. Bxe7 Rxe7 34. Rc2
Kb6 35. Rdc1 d3 36. Rxc5 d2 37. Rxc6+ Kb7 38. Rd1 Kxc6 39. Rxd2 Rd7 40. Rc2+
Kb6 41. Nf1 e4 42. fxe4 Rd1 43. Kg1 fxe4 44. Rd2 Ra1 45. Re2 Rf8 46. Rxe4
Rfxf1+ 47. Kh2 Rf6 48. Re2 Kc5 49. Kg3 Kb4 50. a4 Kxb3 51. axb5 axb5 52. Kh4 b4
53. g4 Rg1 54. Kh5 Ka3 55. h4 b3 56. g5 hxg5 57. hxg5 Rf5 0-1

[Event "Østlandsserien 2005/2006, 4. div. B"]
[Site "Ås, Akershus NOR"]
[Date "2006.03.12"]
[Round "5"]
[White "Lange, Holger"]
[Black "Wister, Finn Arild"]
[Result "1-0"]
[WhiteElo "1652"]
[BlackElo "1278"]
[PlyCount "71"]
[EventDate "2005.11.06"]
[WhiteTeam "Follo 2"]
[BlackTeam "Kirkegata 2"]

1. e4 e6 2. d4 d5 3. Nd2 c5 4. Ngf3 Nc6 5. Bb5 Bd7 6. exd5 Nxd4 7. Nxd4 cxd4 8.
Qe2 Qe7 9. dxe6 Qxe6 10. Bxd7+ Kxd7 11. Qxe6+ fxe6 12. Nf3 Bc5 13. Ne5+ Ke7 14.
Bg5+ Nf6 15. O-O-O Rad8 16. Rhe1 a6 17. f4 g6 18. Ng4 Rhf8 19. Nxf6 Rxf6 20.
Bxf6+ Kxf6 21. Re4 Rd5 22. Rde1 Rd6 23. g4 h6 24. h4 b6 25. a3 a5 26. Rd1 Rd5
27. b4 axb4 28. axb4 Bxb4 29. Rdxd4 Rxd4 30. Rxd4 Bc5 31. Re4 g5 32. fxg5+ hxg5
33. h5 e5 34. Kd2 b5 35. Kd3 b4 36. Rc4 1-0

[Event "Østlandsserien 2005/2006, 4. div. B"]
[Site "Ås, Akershus NOR"]
[Date "2006.03.12"]
[Round "5"]
[White "Tevasvoll, Svein"]
[Black "Høva, Frode"]
[Result "1/2-1/2"]
[WhiteElo "1224"]
[BlackElo "1652"]
[PlyCount "88"]
[EventDate "2005.11.06"]
[WhiteTeam "Kirkegata 2"]
[BlackTeam "Follo 2"]

1. c4 Nf6 2. Nc3 d5 3. cxd5 Nxd5 4. d4 g6 5. Nf3 Bg7 6. e3 O-O 7. g3 c5 8. Bg2
cxd4 9. exd4 Nc6 10. O-O Bg4 11. Qb3 Nxc3 12. bxc3 Na5 13. Qc2 Rc8 14. Qd3 Bf5
15. Qe3 Nc4 16. Qf4 Nd6 17. Bb2 Qb6 18. Qc1 Nc4 19. Ba3 Qc7 20. Re1 Rfe8 21.
Nd2 Nxa3 22. Qxa3 Qxc3 23. Qxc3 Rxc3 24. Nb3 b6 25. Re2 Bd7 26. Rd1 Bb5 27.
Red2 e6 28. d5 exd5 29. Rxd5 Ba4 30. Rb1 Rc2 31. a3 Rc3 32. Nd2 Bc6 33. Rd6
Bxg2 34. Kxg2 Rxa3 35. Rd7 Ra8 36. Nc4 Ra4 37. Ne3 Rd4 38. Nd5 Ra4 39. Ne7+ Kf8
40. Nc6 Bf6 41. Rb7 Rc8 42. Nxa7 Rc2 43. Nb5 Raa2 44. Rf1 Rc6 1/2-1/2

[Event "Østlandsserien 2005/2006, 4. div. B"]
[Site "Ås, Akershus NOR"]
[Date "2006.03.12"]
[Round "5"]
[White "Moberg, Jan Rune"]
[Black "Olsen, Tom Bredo"]
[Result "1-0"]
[WhiteElo "1587"]
[BlackElo "1069"]
[PlyCount "79"]
[EventDate "2005.11.06"]
[WhiteTeam "Follo 2"]
[BlackTeam "Kirkegata 2"]

1. d4 d5 2. c4 Nf6 3. Nf3 e6 4. g3 Be7 5. Bg2 O-O 6. O-O b6 7. a4 Nc6 8. cxd5
Nxd5 9. e4 Nf6 10. Nc3 Bb7 11. h3 a5 12. Be3 Bb4 13. Qc2 Bxc3 14. bxc3 Re8 15.
Rfd1 Qe7 16. Rd2 Rad8 17. Re2 e5 18. d5 Nb8 19. Rb1 Rd6 20. Nh4 Bc8 21. c4 Na6
22. c5 Nxc5 23. Bxc5 bxc5 24. Qxc5 Rb6 25. Rc1 Qxc5 26. Rxc5 Bd7 27. Rxa5 Rb4
28. Rc5 Rc8 29. a5 Bb5 30. Re3 Nd7 31. Rcc3 Ra4 32. Ra3 Nc5 33. Rec3 Nxe4 34.
Rxa4 Nxc3 35. Ra3 Na4 36. Nf5 Ra8 37. d6 cxd6 38. Bxa8 Nc5 39. Nxd6 Bd3 40. Rc3
1-0

[Event "Østlandsserien 2005/2006, 4. div. C"]
[Site "Ås, Akershus NOR"]
[Date "2005.12.04"]
[Round "2"]
[White "Halvorsen, Erland"]
[Black "Simonsen, Steinar"]
[Result "0-1"]
[WhiteElo "966"]
[BlackElo "1426"]
[PlyCount "72"]
[EventDate "2005.11.06"]
[WhiteTeam "Sarpsborg 2"]
[BlackTeam "Follo 3"]

1. e4 e6 2. Nf3 d5 3. exd5 exd5 4. Nc3 c5 5. d4 Be6 6. Ng5 Qb6 7. Qe2 cxd4 8.
Nxd5 Qa5+ 9. Nc3 dxc3 10. b3 Qb6 11. Be3 Qc6 12. O-O-O Be7 13. Qd3 Nd7 14. Be2
Bxg5 15. Bxg5 Qc5 16. Kb1 Qxg5 17. Rhe1 Ne7 18. Bf3 O-O 19. Be4 Ng6 20. g3 Rac8
21. h4 Qa5 22. Ka1 Nc5 23. Qf3 Nxe4 24. Rxe4 Qa3 25. Rb1 Rfd8 26. Ra4 Qd6 27.
Rxa7 Ne5 28. Qe2 Bg4 29. Qf1 Ra8 30. Rxa8 Rxa8 31. b4 Qd5 32. Rb3 Nc4 33. Qe1
Nd2 34. Ra3 Rd8 35. Rxc3 Be6 36. Rb3 h6 0-1

[Event "Østlandsserien 2005/2006, 4. div. C"]
[Site "Ås, Akershus NOR"]
[Date "2005.12.04"]
[Round "2"]
[White "Samset, Jon"]
[Black "Kristiansen, Espen"]
[Result "1-0"]
[WhiteElo "1136"]
[BlackElo "1285"]
[PlyCount "55"]
[EventDate "2005.11.06"]
[WhiteTeam "Follo 3"]
[BlackTeam "Sarpsborg 2"]

1. Nf3 Nf6 2. d4 g6 3. g3 Bg7 4. Bg2 O-O 5. O-O d5 6. Bg5 c5 7. c3 cxd4 8. cxd4
Nc6 9. Nc3 Qb6 10. Qd2 Bf5 11. Bxf6 Bxf6 12. Nxd5 Qb5 13. Nc7 Qa4 14. Nxa8 Rxa8
15. d5 Rd8 16. b3 Qb5 17. Rad1 e6 18. d6 Qc5 19. Rfe1 Bc3 20. Qc1 Qb4 21. Rf1
Bf6 22. Nh4 Bg4 23. Nf3 Qe4 24. h3 Bh5 25. Qe3 Qb4 26. g4 Bxg4 27. hxg4 Qxg4
28. Nh2 1-0

[Event "Østlandsserien 2005/2006, 4. div. C"]
[Site "Nordstrand, Oslo NOR"]
[Date "2006.01.15"]
[Round "3"]
[White "Furnes, Torstein"]
[Black "Aarnes, Carl"]
[Result "1-0"]
[WhiteElo "1484"]
[BlackElo "1496"]
[PlyCount "49"]
[EventDate "2005.11.06"]

1. d4 e6 2. c4 d5 3. Nc3 Nf6 4. Bg5 Be7 5. e3 c6 6. Nf3 Qb6 7. Qc2 dxc4 8. Bxc4
Na6 9. O-O Nb4 10. Qe2 h6 11. Bf4 Nh5 12. Be5 f6 13. Nh4 O-O 14. Qxh5 fxe5 15.
Ng6 Bg5 16. Nxf8 Kxf8 17. h4 exd4 18. hxg5 Qc5 19. Ne4 Qe5 20. Qf3+ Ke7 21.
exd4 Qxd4 22. Bb3 Bd7 23. Rad1 Qe5 24. Rxd7+ Kxd7 25. Qf7+ 1-0

[Event "Østlandsserien 2005/2006, 4. div. C"]
[Site "Nordstrand, Oslo NOR"]
[Date "2006.01.15"]
[Round "3"]
[White "Kumle, Svein Erik"]
[Black "Thowsen, Alf Geir"]
[Result "1-0"]
[WhiteElo "1492"]
[BlackElo "1205"]
[PlyCount "48"]
[EventDate "2005.11.06"]

1. d4 d5 2. c4 c6 3. Nc3 Nf6 4. Nf3 Bf5 5. e3 h6 6. Bd3 Ne4 7. O-O e6 8. cxd5
cxd5 9. Ne5 Nc6 10. Bb5 Rc8 11. Qa4 Qb6 12. Nxe4 Bxe4 13. Bd2 Ke7 14. Rac1 a6
15. Bxc6 bxc6 16. Nxc6+ Kf6 17. Ne5 Qb7 18. Rxc8 Qxc8 19. Rc1 Qb7 20. Qe8 g6
21. b3 Bg7 22. Nd7+ Kf5 23. Qxf7+ Kg5 24. f4+ Kh4 1-0

[Event "Østlandsserien 2005/2006, 4. div. C"]
[Site "Nordstrand, Oslo NOR"]
[Date "2006.01.15"]
[Round "3"]
[White "Olsen, Trygve"]
[Black "Gaarder, Hans K"]
[Result "0-1"]
[WhiteElo "1186"]
[BlackElo "1349"]
[PlyCount "102"]
[EventDate "2005.11.06"]

1. e4 c5 2. Nc3 Nc6 3. Nf3 d6 4. h3 g6 5. Bc4 Bg7 6. Ng5 Ne5 7. Bb5+ Bd7 8. f4
Nc6 9. Bc4 e6 10. a3 Nge7 11. O-O O-O 12. Bd3 Qb6 13. Na4 Qc7 14. c4 Nd4 15.
Nc3 f5 16. exf5 Nexf5 17. Bxf5 Rxf5 18. d3 Re8 19. Nf3 Nc6 20. Nb5 Qb8 21. Nh4
Rf7 22. Nf3 Ref8 23. d4 a6 24. d5 exd5 25. cxd5 axb5 26. dxc6 bxc6 27. Ng5 Re7
28. Qf3 d5 29. Ra2 Qa7 30. h4 Be6 31. b3 Qd7 32. Qg3 d4 33. Rd2 Bxb3 34. Qxb3+
c4 35. Qg3 d3 36. h5 Bd4+ 37. Kh1 Re3 38. Nf3 Rf7 39. h6 c3 40. Rdf2 Qd5 41.
Qh4 Re4 42. Nxd4 Qxd4 43. Rd1 Rf5 44. Qg3 d2 45. Bxd2 Rh5+ 46. Kg1 cxd2 47.
Qb3+ Kh8 48. g3 Re1+ 49. Kg2 Rh2+ 50. Kf3 Rxf2+ 51. Kg4 Qd7+ 0-1

[Event "Østlandsserien 2005/2006, 4. div. C"]
[Site "Nordstrand, Oslo NOR"]
[Date "2006.01.15"]
[Round "3"]
[White "Munz, Jostein"]
[Black "Pettersen, Erling"]
[Result "0-1"]
[WhiteElo "1445"]
[BlackElo "1321"]
[PlyCount "63"]
[EventDate "2005.11.06"]

1. e4 c5 2. c3 Nc6 3. d4 cxd4 4. cxd4 e6 5. Nf3 h6 6. Bd3 a6 7. O-O Bd6 8. d5
Ne5 9. Nxe5 Bxe5 10. f4 Bc7 11. b3 Bb6+ 12. Kh1 Bd4 13. d6 Bxa1 14. e5 Qb6 15.
Nd2 Qd4 16. Qf3 Bb2 17. Bxb2 Qxb2 18. Nc4 Qd4 19. f5 f6 20. fxe6 dxe6 21. Bg6+
Kd8 22. Rd1 Qc5 23. d7 Bxd7 24. Qxb7 Qc8 25. Qb6+ Qc7 26. Qxe6 Ne7 27. Bf7 Qc6
28. Rd6 Qc7 29. exf6 gxf6 30. Qe4 Rc8 31. Be6 Qxd6 32. Qe3 0-1

[Event "Østlandsserien 2005/2006, 4. div. C"]
[Site "Ås, Akershus NOR"]
[Date "2006.02.12"]
[Round "4"]
[White "Miland, Robert"]
[Black "Furnes, Torstein"]
[Result "0-1"]
[WhiteElo "1098"]
[BlackElo "1480"]
[PlyCount "44"]
[EventDate "2005.11.06"]

1. d4 d5 2. c4 e6 3. c5 Nf6 4. Bg5 Be7 5. Nc3 O-O 6. Bf4 c6 7. e3 b6 8. b4 bxc5
9. bxc5 Qa5 10. Nge2 Ne4 11. Rc1 Ba6 12. Qc2 g5 13. f3 Nxc3 14. Nxc3 gxf4 15.
exf4 Bxf1 16. Rxf1 Bf6 17. Rd1 Na6 18. a4 Nxc5 19. Ke2 Nd7 20. g4 Qb4 21. Ke3
c5 22. Rb1 Qxd4+ 0-1

[Event "Østlandsserien 2005/2006, 4. div. C"]
[Site "Moss, Østfold NOR"]
[Date "2006.03.12"]
[Round "5"]
[White "Furnes, Torstein"]
[Black "Andersen, Jonathan M"]
[Result "1-0"]
[WhiteElo "1480"]
[BlackElo "1394"]
[PlyCount "29"]
[EventDate "2005.11.06"]

1. d4 d5 2. c4 Nf6 3. cxd5 Nxd5 4. e4 Nf6 5. Nc3 Nc6 6. d5 Ne5 7. f4 Ng6 8. e5
Nd7 9. e6 fxe6 10. dxe6 Nf6 11. Qxd8+ Kxd8 12. f5 Ne5 13. Bf4 Nc6 14. O-O-O+
Ke8 15. Nb5 1-0

[Event "Østlandsserien 2005/2006, 4. div. C"]
[Site "Moss, Østfold NOR"]
[Date "2006.03.12"]
[Round "5"]
[White "Braathen, Trond Vidar"]
[Black "Simonsen, Steinar"]
[Result "0-1"]
[WhiteElo "1148"]
[BlackElo "1435"]
[PlyCount "90"]
[EventDate "2005.11.06"]

1. Nf3 Nc6 2. d4 e6 3. Bf4 d5 4. a3 Nf6 5. h3 Bd6 6. Qd2 Ne4 7. Qe3 Qf6 8. Bxd6
Nxd6 9. Nbd2 Nf5 10. Qf4 Nfxd4 11. Qxf6 gxf6 12. Nxd4 Nxd4 13. Kd1 Bd7 14. e3
Nf5 15. Bd3 Nd6 16. Nb3 b6 17. Nd2 f5 18. Nf3 f6 19. Ke2 e5 20. Nd2 a5 21. c3
Bc6 22. Rhg1 Rg8 23. Rac1 e4 24. Bb1 Bb5+ 25. Ke1 a4 26. Ba2 c6 27. f3 Nc4 28.
Bxc4 Bxc4 29. Nxc4 dxc4 30. f4 Ke7 31. Kf2 Rad8 32. Rcd1 Rd3 33. Ke2 Rg3 34.
Rxd3 cxd3+ 35. Kf2 Rg8 36. g4 Kd6 37. g5 Kc5 38. Ke1 Kc4 39. h4 Kb3 40. Rg2
fxg5 41. fxg5 f4 42. exf4 e3 43. f5 Re8 44. f6 e2 45. Rg1 Kc2 0-1

[Event "Østlandsserien 2005/2006, 4. div. C"]
[Site "Moss, Østfold NOR"]
[Date "2006.03.12"]
[Round "5"]
[White "Thowsen, Alf Geir"]
[Black "Stene, Sigurd"]
[Result "1-0"]
[WhiteElo "1220"]
[BlackElo "1187"]
[PlyCount "57"]
[EventDate "2005.11.06"]

1. d4 Nf6 2. c4 d5 3. cxd5 Nxd5 4. e4 Nb6 5. Nf3 Bg4 6. Be2 e6 7. Be3 Be7 8.
Ne5 Bxe2 9. Qxe2 O-O 10. Nc3 N8d7 11. Nf3 c6 12. O-O Qc7 13. Rac1 Rad8 14. Rfd1
Qb8 15. Ng5 h6 16. Nh3 Rde8 17. e5 Nd5 18. Nxd5 cxd5 19. Qg4 Kh7 20. Nf4 Bg5
21. Nh5 Qd8 22. h4 f5 23. exf6 Nxf6 24. Nxf6+ Bxf6 25. h5 e5 26. Rc3 exd4 27.
Bxd4 Re4 28. Qg6+ Kh8 29. Bxf6 1-0

[Event "Østlandsserien 2005/2006, 4. div. C"]
[Site "Moss, Østfold NOR"]
[Date "2006.03.12"]
[Round "5"]
[White "Aasen, Oddvar"]
[Black "Olsen, Trygve"]
[Result "1-0"]
[WhiteElo "905"]
[BlackElo "1201"]
[PlyCount "120"]
[EventDate "2005.11.06"]

1. e4 e5 2. Nf3 Nc6 3. Bc4 Bc5 4. d3 h6 5. a3 Nf6 6. h3 Qe7 7. Nc3 d6 8. Nd5
Nxd5 9. Bxd5 Qf6 10. c3 Ne7 11. Bc4 a6 12. d4 Ba7 13. Be3 Qg6 14. Nxe5 dxe5 15.
Qf3 exd4 16. cxd4 b5 17. Bb3 O-O 18. Rc1 c6 19. h4 Bg4 20. h5 Bxf3 21. hxg6
Nxg6 22. gxf3 Ne7 23. Rh5 Rad8 24. d5 Bxe3 25. fxe3 cxd5 26. exd5 Rd6 27. e4
Rf6 28. Kf2 g5 29. Ke3 Re8 30. Kf2 Kg7 31. e5 Rf5 32. e6 Nxd5 33. exf7 Rf8 34.
Rc6 Nf6 35. Rh1 g4 36. Rf1 Ne4+ 37. Ke3 Nc5 38. Ba2 h5 39. b4 Nd7 40. Be6 Rxf3+
41. Rxf3 gxf3 42. Bxd7 Rxf7 43. Bh3 a5 44. Bf1 axb4 45. axb4 h4 46. Rc5 Kh6 47.
Rxb5 Rf6 48. Bh3 f2 49. Ke2 Kg6 50. Rd5 Kh6 51. b5 Kg6 52. Rc5 Kg7 53. Rc6 Rf4
54. b6 Rb4 55. Kxf2 Rb3 56. Bg2 h3 57. Bh1 Rb1 58. Rc7+ Kf6 59. b7 h2 60. Kg2
Rb2+ 1-0

[Event "Østlandsserien 2004/2005, 2. div. A"]
[Site "Oslo NOR"]
[Date "2004.11.07"]
[Round "1"]
[White "Ådnøy, Hallvard Voll"]
[Black "Sæther, Øystein"]
[Result "0-1"]
[WhiteElo "2173"]
[BlackElo "2021"]
[PlyCount "82"]
[EventDate "2004.11.07"]

1. e4 e6 2. d3 d5 3. Nd2 c5 4. Ngf3 Nc6 5. g3 Bd6 6. Bg2 Nf6 7. O-O O-O 8. Qe2
Qc7 9. Re1 Nd7 10. Nh4 Nd4 11. Qd1 Nf6 12. f4 dxe4 13. dxe4 e5 14. f5 b5 15. c3
Nc6 16. a4 b4 17. Nc4 Be7 18. Ne3 Rb8 19. Qe2 Na5 20. Qc2 bxc3 21. bxc3 Nb3 22.
Rb1 c4 23. Bb2 Bb7 24. Rbd1 Bc5 25. Kh1 Bxe3 26. Rxe3 Rfd8 27. Ree1 Nc5 28.
Rxd8+ Rxd8 29. Ba3 Nd3 30. Re2 Nxe4 31. Rxe4 Bxe4 32. Bxe4 Qb6 33. Qe2 f6 34.
Kg2 Qb3 35. Be7 Rd7 36. Ng6 hxg6 37. fxg6 Qxc3 38. Qh5 Qd2+ 39. Kh3 Qh6 40.
Qxh6 gxh6 41. Bxf6 Nf2+ 0-1

[Event "Østlandsserien 2004/2005, 2. div. A"]
[Site "Oslo NOR"]
[Date "2004.11.07"]
[Round "1"]
[White "Rekkedal, Fredrik"]
[Black "Semakoff, Aleks"]
[Result "1/2-1/2"]
[WhiteElo "1855"]
[BlackElo "2056"]
[PlyCount "30"]
[EventDate "2004.11.07"]

1. d4 d5 2. c4 e6 3. Nc3 c5 4. cxd5 exd5 5. Nf3 Nc6 6. Bf4 Nf6 7. e3 cxd4 8.
Nxd4 Bb4 9. Rc1 O-O 10. Be2 Ne4 11. O-O Bxc3 12. bxc3 Qa5 13. Qc2 Bd7 14. Bd3
Nxd4 15. cxd4 Bb5 1/2-1/2

[Event "Østlandsserien 2004/2005, 2. div. A"]
[Site "Oslo NOR"]
[Date "2004.11.07"]
[Round "1"]
[White "Gaasland, Glenn"]
[Black "Revil, Bjørn"]
[Result "1/2-1/2"]
[WhiteElo "1934"]
[BlackElo "1924"]
[PlyCount "86"]
[EventDate "2004.11.07"]

1. d4 e6 2. c4 Nf6 3. Nc3 Bb4 4. e3 c5 5. Nge2 cxd4 6. exd4 d5 7. cxd5 Nxd5 8.
a3 Be7 9. Nxd5 exd5 10. Nc3 Nc6 11. Bb5 O-O 12. O-O Bf6 13. Bxc6 bxc6 14. Na4
Bf5 15. Be3 Qb8 16. Rc1 Rc8 17. Rc3 Be7 18. Qc1 Qb5 19. Nc5 Bxc5 20. Rxc5 Qb6
21. Bf4 Bd7 22. Rd1 Re8 23. Rd3 Re2 24. b4 a5 25. b5 cxb5 26. Rxd5 Qe6 27. Re5
Rxe5 28. dxe5 h6 29. Qc7 Qf5 30. Rxd7 Qxf4 31. e6 Qxc7 32. exf7+ Kf8 33. Rxc7
Rb8 34. Kf1 b4 35. axb4 axb4 36. Ke2 b3 37. Rc1 Kxf7 38. Rb1 Ke6 39. Kd3 Kd5
40. Rb2 g5 41. f3 Ke5 42. g3 Rf8 43. Re2+ Kd5 1/2-1/2

[Event "Østlandsserien 2004/2005, 2. div. A"]
[Site "Oslo NOR"]
[Date "2004.11.07"]
[Round "1"]
[White "Brekke, Kjell Arne"]
[Black "Næssvold, Kjell"]
[Result "0-1"]
[WhiteElo "1624"]
[BlackElo "1913"]
[PlyCount "66"]
[EventDate "2004.11.07"]

1. e4 c6 2. c4 d5 3. cxd5 cxd5 4. exd5 Nf6 5. Nc3 Nxd5 6. Nf3 Nc6 7. Bb5 Nxc3
8. bxc3 Qa5 9. Qa4 Qxa4 10. Bxa4 Bd7 11. Rb1 b6 12. O-O e6 13. d4 Bd6 14. Ng5
O-O 15. Ne4 Be7 16. Bf4 Nxd4 17. Bd1 Bc6 18. Nd6 Nf5 19. Nxf5 exf5 20. Bc2 g6
21. Be5 Bc5 22. Rfe1 Rfe8 23. Bd4 Bxd4 24. cxd4 Be4 25. Bxe4 fxe4 26. d5 Rad8
27. Rbd1 f5 28. f3 exf3 29. Rxe8+ Rxe8 30. gxf3 Kf7 31. Kf2 Ke7 32. Kg3 Kd6 33.
Kf4 Re2 0-1